|
|
|
|
| LEADER |
00000nam0a2200000 4500 |
| 001 |
44876 |
| 005 |
20231101210918.0 |
| 010 |
|
|
|a 516000971X
|
| 035 |
|
|
|a (RuTPU)RU\TPU\book\46621
|
| 090 |
|
|
|a 44876
|
| 100 |
|
|
|a 20021127d2002 m y0rusy50 ca
|
| 101 |
0 |
|
|a rus
|
| 102 |
|
|
|a RU
|
| 105 |
|
|
|a y j 001zy
|
| 200 |
1 |
|
|a Финансы фирмы
|e учебник
|f А. М. Ковалева, М. Г. Лапуста, Л. Г. Скамай
|g Государственный университет управления
|
| 205 |
|
|
|a 2-е изд., испр. и доп.
|
| 210 |
|
|
|a Москва
|c Инфра-М
|d 2002
|
| 215 |
|
|
|a 493 с.
|
| 225 |
1 |
|
|a Высшее образование
|
| 320 |
|
|
|a Библиогр.: с. 490-492.
|
| 451 |
|
1 |
|0 (RuTPU)RU\TPU\book\97917
|y 5-16-002394-1
|t Финансы фирмы
|o учебник
|f А. М. Ковалева, М. Г. Лапуста, Л. Г. Скамай
|g Государственный университет управления
|e 4-е изд., испр. и доп.
|c М.
|n Инфра-М
|d 2005
|p 522 с.
|a Ковалева, Алла Михайловна
|
| 451 |
|
1 |
|0 (RuTPU)RU\TPU\book\31850
|y 5-16-000239-1
|t Финансы фирмы
|o учебник
|f А. м. Ковалева, М. Г. Лапуста, Л. Г. Скамай
|c М.
|n Инфра-М
|d 2001
|p 413 с.
|s Высшее образование
|a Ковалева, Алла Михайловна
|
| 606 |
1 |
|
|a Предприятия
|x Финансы
|2 stltpush
|3 (RuTPU)RU\TPU\subj\68348
|9 83737
|
| 610 |
1 |
|
|a экономика
|
| 610 |
1 |
|
|a финансы
|
| 610 |
1 |
|
|a предприятия
|
| 610 |
1 |
|
|a фирмы
|
| 610 |
1 |
|
|a финансовый менеджмент
|
| 610 |
1 |
|
|a финансовый капитал
|
| 610 |
1 |
|
|a основные средства
|
| 610 |
1 |
|
|a затраты
|
| 610 |
1 |
|
|a прибыль
|
| 610 |
1 |
|
|a оборотные средства
|
| 610 |
1 |
|
|a запасы
|
| 610 |
1 |
|
|a управление
|
| 610 |
1 |
|
|a денежный оборот
|
| 610 |
1 |
|
|a расчеты
|
| 610 |
1 |
|
|a безналичные расчеты
|
| 610 |
1 |
|
|a внешнее финансирование
|
| 610 |
1 |
|
|a ценные бумаги
|
| 610 |
1 |
|
|a эмиссия
|
| 610 |
1 |
|
|a банковский кредит
|
| 610 |
1 |
|
|a налоговый кредит
|
| 610 |
1 |
|
|a факторинг
|
| 610 |
1 |
|
|a лизинг
|
| 610 |
1 |
|
|a инвестиционная деятельность
|
| 610 |
1 |
|
|a налогообложение
|
| 610 |
1 |
|
|a налоги
|
| 610 |
1 |
|
|a финансовое состояние
|
| 610 |
1 |
|
|a анализ
|
| 610 |
1 |
|
|a финансовое планирование
|
| 610 |
1 |
|
|a финансовые риски
|
| 610 |
1 |
|
|a учебники
|
| 686 |
|
|
|a У9(2)261.9я73
|v LBC/SL-A
|2 rubbk
|
| 700 |
|
1 |
|a Ковалева
|b А. М.
|g Алла Михайловна
|
| 701 |
|
1 |
|a Лапуста
|b М. Г.
|g Михаил Григорьевич
|
| 701 |
|
1 |
|a Скамай
|b Л. Г.
|g Любовь Григорьевна
|
| 712 |
0 |
2 |
|a Государственный университет управления
|2 stltpush
|3 (RuTPU)RU\TPU\col\23
|
| 801 |
|
1 |
|a RU
|b 63413507
|c 20021127
|g PSBO
|
| 801 |
|
2 |
|a RU
|b 63413507
|c 20140123
|g PSBO
|
| 900 |
|
|
|a Финансы, финансовая деятельность
|
| 942 |
|
|
|c BK
|
| 952 |
|
|
|a 521600
|b 030300
|